Normal view
MARC view
Entry Topical Term
001 - CONTROL NUMBER
- control field: 9383
003 - CONTROL NUMBER IDENTIFIER
- control field: BD-RjUL
005 - DATE AND TIME OF LATEST TRANSACTION
- control field: 20231005121930.0
008 - FIXED-LENGTH DATA ELEMENTS
- fixed length control field: 231005|| aca||aabn | a|a d
040 ## - CATALOGING SOURCE
- Original cataloging agency: BD-RjUL
- Transcribing agency: BD-RjUL
150 ## - HEADING--TOPICAL TERM
- Topical term or geographic name entry element: Islam Customs and practices
670 ## - SOURCE DATA FOUND
- Source citation: Work cat.: (BD-RjUL)82053: ذو المجدين، زين العابدين ;; Z̲ū al-Majdayn, Zayn al-ʻAbidīn. 9382, ترجمه و شرح تبصرۀ علامه ;; Tarjumah va sharḥ-i Tabṣirah-ʼi ʻAllāmah./, 1329[1950]